Stati tra 30 000 000 e 40 000 000 abitanti - Statistics

Statistiche generali
  • Questo quiz è stato fatto 10 volte
  • Il punteggio medio è 8 su 11
Statistiche sulle risposte
Popolazione (ab.) Continente Nazione % Corretto
33 396 698 America del Sud Perù
100%
30 832 019 Africa Ghana
86%
33 379 500 Asia Malaysia
86%
37 022 000 Africa Marocco
86%
37 667 000 Europa Polonia
86%
34 262 840 Asia Afghanistan
71%
32 175 224 Asia Arabia Saudita
71%
32 419 747 Africa Mozambico
71%
31 888 698 Asia Yemen
71%
33 086 278 Africa Angola
57%
36 599 764 Asia Uzbekistan
57%
Nessun quiz corrispondente trovato
Distribuzione punteggi
Percentuale di utenti per punteggio
Percentile per numero di risposta
I tuoi punteggi nel tempo
Non hai fatto questo quiz